| 000 | 01371nam0a22003131 4500 | ||
|---|---|---|---|
| 001 | rc\4061969 | ||
| 005 | 20130415151033.3 | ||
| 021 |
_aRU _b[48-12896] |
||
| 035 | _a(NLR Aleph) 008113509 | ||
| 090 |
_a9319266 _c9319266 |
||
| 100 | _a20130415d1948 |||y0rusy50 ca | ||
| 101 | 0 | _arus | |
| 102 | _aRU | ||
| 105 | _ah b |||e| | ||
| 200 | 1 |
_aРукописи и переписка В.Г. Белинского _eКаталог _fСост. Р.П. Маторина _gПод ред. проф. Н.Л. Бродского _gГос. ордена Ленина б-ка СССР им. В.И. Ленина. Отд. рукописей |
|
| 210 |
_aМосква _cтип. "Гудок" _d1948 |
||
| 215 |
_a44 с., 2 л. факс. _d26 |
||
| 300 | _aНа обл. сост. не указан | ||
| 606 |
_aКритики русские _xРукописи _2psbo |
||
| 606 |
_aЛитературные архивы _2psbo |
||
| 700 | 1 |
_aМаторина _bР. П. _f1892-1959 _gРаиса Павловна _4220 |
|
| 702 | 1 |
_aБелинский _bВ. Г. _gВиссарион Григорьевич _4570 |
|
| 702 | 1 |
_aБродский _bН. Л. _4340 |
|
| 712 | 0 | 2 |
_aГосударственная библиотека СССР им. В. И. Ленина _3RU\NLR\AUTH\8814673 |
| 801 | 0 |
_aRU _bNLR _gpsbo |
|
| 801 | 1 |
_aRU _bELAR _2rusmarc |
|
| 852 |
_aNLR _j641/Б-43 |
||
| 942 | _cBOOK | ||
| 980 | _aNB | ||